000 00543nmm a2200169Ia 4500
008 251105s9999||||xx |||||||||||||||||und||
020 _a9788437062372
041 _aspa
100 _aSanfeliu, Luz
245 0 _aRepublicanas :
_b Identidades de género en el blasquismo (1895-1910)
264 _a[Madrid, España] :
_bPublicaciones de la Universidad de Valencia (PUV),
_c2005
300 _a344 páginas
490 _aOberta
650 _aHistory of Europe: Spain
856 _uhttps://public.digitaliapublishing.com/a/34671
942 _cCF
999 _c82327
_d82327